000 00355cam a22001217a 4500
008 180718b1917 xxu||||| |||| 00| 0 eng d
082 _aD49x4 M377
100 _aMasefield, John
245 _aGallipoli
_cby John Masefield
260 _aLondon
_bHeinemann
_c1917
300 _a183p.
650 _aWorld War, 1914-1918 --Campaigns --Turkey --Gallipoli Peninsula
999 _c431720
_d431720